[Event "Hokkaido Chess Championship 2024"]
[Site "5"]
[Date "2024.03.24"]
[Round "4.5"]
[White "Ito, Katsuhide"]
[Black "Kawamura, Takuto"]
[Result "0-1"]
[WhiteElo "1199"]
[BlackElo "1601"]
[Annotator "Fritz 11 SE (30s)"]
[PlyCount "62"]
[EventDate "2024.03.23"]

{B47: Sicilian: Taimanov: 5 Nc3 Qc7 6 f4, 6 g3 and 6 Be2} 1. e4 c5
2. Nf3 e6 3. d4 cxd4 4. Nxd4 Nc6 5. Nc3 Qc7 6. Be2 Nf6 7. O-O Be7 {White has
an active position} 8. f4 $4 $146 {there were better ways to keep up the
pressure} (8. Be3 O-O 9. a4 (9. Kh1 d5 10. exd5 exd5 11. Bf3 Be6 12. Re1 Rad8
13. Qe2 h6 14. Rad1 Rfe8 15. Nxe6 fxe6 16. Bxh6 gxh6 17. Qxe6+ Kg7 18. Nxd5
Nxd5 19. Bxd5 Bg5 20. Qxe8 Rxe8 21. Rxe8 Ne7 22. Bb3 Qe5 23. c3 h5 {Burg,T 
(2301)-Epishin,V (2587) Tilburg 2007 0-1}) 9... Rd8 10. f4 d5 11. e5 Ne4 12.
Nxc6 bxc6 13. Nxe4 dxe4 14. Qe1 a5 15. Bc4 c5 16. Bd2 Bb7 17. Bc3 Rd4 18. b3 g6
19. Rd1 Qd7 20. h3 Bd8 21. Bxd4 cxd4 22. Qf2 Bb6 {Hamdouchi,H (2576)-Granda
Zuniga,J (2592) Navalmoral 2007 1/2-1/2}) (8. Ndb5 Qb8 9. f4 d6 10. Be3 O-O 11.
a4 Rd8 12. Kh1 a6 13. Nd4 e5 14. Nb3 Be6 15. f5 Bxb3 16. cxb3 Nb4 17. Bf3 d5
18. exd5 Qd6 19. Qe2 Re8 20. Ne4 Nxe4 21. Bxe4 Rac8 22. Rac1 h6 {Svidler,P 
(2738)-Grachev,B (2640) Moscow 2008 1-0 (33)}) (8. Nb3 O-O 9. f4 d6 10. g4 a6
11. g5 Nd7 12. Bd3 Re8 13. Qh5 g6 14. Qh4 b5 15. Rf3 Bf8 16. Rh3 h6 17. Be3 b4
18. Ne2 d5 19. Ng3 Qd8 20. e5 Bg7 21. Rf1 Kh7 22. Nh5 Rh8 {Tomczak,J (2544)
-Swiercz,D (2631) Warsaw 2014 1-0 (79)}) (8. a4 O-O 9. Nb3 b6 10. f4 d6 11. Be3
Bb7 12. a5 Nxa5 13. Nxa5 bxa5 14. Bf3 Rfd8 15. Qe2 Bc6 16. Rfd1 Rab8 17. b3 d5
18. exd5 Nxd5 19. Bxd5 exd5 20. Bd4 Rb4 21. Be5 Qb6+ 22. Kh1 f6 {Chelushkina,I
(2357)-Pavlovic,M (2457) Belgrade 2008 0-1}) (8. Ndb5 Qb8 $14) 8... d6 (8...
Nxd4 $142 {secures victory} 9. Be3 Nxe2+ 10. Qxe2 Qc6 $19) 9. f5 {White gains
space} (9. Be3 O-O $14) 9... Nxd4 (9... Qb6 $5 {should not be overlooked} 10.
Be3 e5 $11) 10. Qxd4 $14 d5 11. Be3 (11. exd5 $4 {the pawn contains a lethal
dose of poison} Bc5 12. Be3 Bxd4 13. Bxd4 O-O $19) 11... dxe4 12. Qa4+ (12.
fxe6 $142 $5 {and White can hope to survive} Bxe6 13. Nxe4 $14) 12... Bd7 $15
13. Bb5 (13. Nb5 Qe5 14. fxe6 fxe6 $17) 13... a6 {Black threatens to win
material: a6xb5} (13... Ng4 $5 14. Bxd7+ Qxd7 15. Qxe4 exf5 $15) 14. Rad1 Rd8 (
14... Bc6 $142 $5 $15 {must definitely be considered}) 15. Bxd7+ $14 Rxd7 16.
Nxe4 Nxe4 17. fxe6 fxe6 18. Qxe4 Rxd1 19. Rxd1 {White has a king attack} Qc6 {
Black threatens to win material: Qc6xe4} 20. Qe5 {White threatens to win
material: Qe5xg7} (20. Qxc6+ $142 bxc6 21. Rd3 $14) 20... Kf7 $4 {Black is
ruining his position} (20... O-O 21. b3 $11) 21. Kh1 $4 {forfeits the advantage
} (21. Qh5+ $142 {White clearly has the better chances} g6 22. Rf1+ Ke8 23. Qe5
$16) 21... Bf6 {Black threatens to win material: Bf6xe5} (21... Qxc2 $4 {
Black will not be able to digest the pawn} 22. Rf1+ Bf6 23. Bg5 $18) 22. Rf1 (
22. Qh5+ $142 g6 23. Qh6 Qxc2 24. Rf1 $11) 22... Qxc2 $4 {not a good decision,
because now the opponent is right back in the game.} (22... Rd8 $142 {this is
the best bet to save the position} 23. Qh5+ Kg8 $11) 23. Bg5 $18 Qg6 (23... Rf8
{desperation} 24. Bxf6 Qc4 $18) 24. Qc7+ Kg8 25. Bxf6 (25. Qc8+ {makes it even
easier for White} Kf7 26. Qxb7+ Kf8 27. Bxf6 gxf6 $18) 25... gxf6 (25... h5 {
is not the saving move} 26. Bc3 h4 $18) 26. Qxb7 (26. Rd1 $142 {secures the win
} Qe8 27. Rd7 Qxd7 28. Qxd7 $18) 26... Qf7 $16 27. Qxa6 Kg7 28. Rd1 (28. b4 e5
$16) 28... e5 (28... Rb8 29. Qe2 $16) 29. Rd3 (29. Qa4 $5 Re8 30. Rd7 $16)
29... Re8 30. Qc6 (30. Rg3+ $5 Kh8 31. a4 $16) 30... Qxa2 $11 {Black has a
mate threat.} 31. Rd7+ Kg6 (31... Kg6 32. h3 Qb1+ (32... Qxb2 {leads to a
pleasing mate} 33. Qe4+ f5 34. Qc6+ Re6 35. Qxe6+ Kg5 36. h4+ Kg4 37. Qh6 Qc1+
38. Qxc1 f4 39. Rg7+ Kf5 40. Qc6 f3 41. Rg5+ Kf4 42. Qxf3#) 33. Kh2 Qf5 $11 (
33... Qxb2 {allows the opponent a nice mating combination} 34. Qe4+ f5 35. Qc6+
Re6 36. Qxe6+ Kg5 37. Qg8+ Kf4 38. Qg3+ Ke4 39. Qf3#)) 0-1

[Event "Hokkaido Chess Championship 2024"]
[Site "7"]
[Date "2024.03.24"]
[Round "4.7"]
[White "Furuse, Mizuki"]
[Black "Shimomura, Kensei"]
[Result "1-0"]
[WhiteElo "1157"]
[BlackElo "1199"]
[Annotator "Fritz 11 SE (30s)"]
[PlyCount "115"]
[EventDate "2024.03.23"]

{[%mdl 8256] A07: R騁i Opening: New York and Capablanca Systems} 1. Nf3 Nc6 2.
g3 e5 3. d3 d5 4. Bg2 Nf6 5. O-O Be7 6. Nbd2 Bf5 $146 (6... O-O 7. e4 (7. c4 e4
8. Ne1 exd3 9. Nxd3 dxc4 10. Nxc4 Be6 11. b3 Bd5 12. Bb2 Bxg2 13. Kxg2 Qd5+ 14.
Kg1 Rad8 15. Ne3 Qh5 16. Qc2 Ng4 17. Nxg4 Qxg4 18. Rad1 Bd6 19. f3 Qg6 20. e4
h5 21. Kh1 Rfe8 {Damjanovic,M (2490)-Karaklajic,N (2490) Cienfuegos 1972 1/2-1/
2 (32)}) 7... dxe4 (7... Re8 8. exd5 Nxd5 9. Re1 Bf8 10. Nc4 f6 11. a4 Ndb4 12.
Ne3 Be6 13. Bf1 Nd4 14. Nd2 Ndc6 15. Ndc4 Qd7 16. c3 Nd5 17. a5 b5 18. Nxd5
Qxd5 19. Bg2 Qd7 20. Ne3 Rad8 21. Qh5 Ne7 22. Be4 {Brito Garcia,A (2375)
-Martin Gonzalez,A (2430) Madrid 1992 1/2-1/2 (50)}) (7... d4 8. Qe2 Nd7 9. c4
a5 10. Ne1 Nc5 11. f4 f6 12. f5 a4 13. Ndf3 Bd7 14. g4 Qb8 15. h4 b5 16. cxb5
Qxb5 17. Nh2 a3 18. b3 Nb4 19. Rf3 Bc6 20. Rg3 Kf7 21. Nf1 Qa6 22. Bd2 {
Planinec,A (2520)-Janosevic,D (2430) Umag 1972 0-1 (37)}) 8. dxe4 Be6 9. Re1
Nd7 10. b3 a5 11. a3 Bc5 12. Bb2 Qe7 13. c3 f6 14. b4 Bd6 15. Nf1 Nb6 16. N3d2
Rfd8 17. Qc2 Qf7 18. Ne3 Rd7 {1/2-1/2 (18) Rukavina,J (2480)-Masic,L (2390)
Umag 1972}) (6... O-O 7. e4 $15) 7. b3 O-O {White has a cramped position} 8.
Bb2 e4 {Black threatens to win material: e4xf3} 9. Nh4 {White threatens to win
material: Nh4xf5} Be6 (9... Bd7 $5 {should be investigated more closely} 10.
dxe4 dxe4 $11) 10. dxe4 $16 dxe4 11. Bh1 $4 {hands over the advantage to the
opponent} (11. Nxe4 Nxe4 12. Qxd8 Raxd8 13. Bxe4 f5 14. Bxc6 bxc6 $16) 11...
Bc5 $4 {gives the opponent new chances} (11... e3 $142 12. fxe3 Ng4 $17) 12.
Nxe4 $16 Nxe4 13. Bxe4 Bd4 (13... f5 14. Bg2 $16) 14. c3 (14. Bxd4 Qxd4 15.
Bxc6 Qxd1 16. Raxd1 bxc6 $16) 14... Bf6 15. Nf3 {Black has an active position}
(15. Ng2 Be5 $16) 15... Qe7 16. Qc2 g6 17. Nd4 Nxd4 18. cxd4 c6 19. Bg2 Rfe8
20. e4 Bg7 21. Rfe1 Qg5 22. Rad1 Rad8 23. f4 (23. d5 cxd5 24. h4 Qh6 25. exd5
Bg4 $18) 23... Qb5 24. h3 f5 (24... a5 25. Bc3 $16) 25. d5 $1 {the knock-out
blow} cxd5 (25... Bxb2 26. Qxb2 (26. dxe6 $143 Rxd1 27. Rxd1 Ba3 $16) 26... Bf7
27. exf5 Rxe1+ 28. Rxe1 $16) 26. exd5 Bf7 (26... Rc8 27. Qf2 Bxb2 28. Qxb2 $18
(28. Rxe6 $6 Ba3 29. Rxe8+ Rxe8 $16)) 27. Rxe8+ $18 Qxe8 28. Bxg7 Kxg7 29. Qc3+
Kg8 30. Qe5 Qxe5 $2 (30... Qd7 $142 $18) 31. fxe5 Kf8 32. Kf2 (32. d6 {keeps
an even firmer grip} b6 $18) 32... Ke7 $2 (32... Rc8 33. d6 b6 $18) 33. Ke3 Kd7
(33... Rc8 {doesn't improve anything} 34. d6+ Kd7 35. Bxb7 Rc3+ 36. Rd3 $18)
34. e6+ Ke7 (34... Kd6 {hardly improves anything} 35. exf7 Rf8 36. Kf4 Rxf7 37.
Re1 $18) 35. exf7 Kxf7 (35... Kd6 {cannot undo what has already been done} 36.
Re1 Rf8 37. Kf4 Rxf7 38. Re6+ Kd7 39. Bf3 $18) 36. d6 Rd7 (36... Ke8 {doesn't
do any good} 37. Bxb7 Kd7 38. Ba6 $18) 37. Bd5+ Kf6 38. Bxb7 $1 {the death
sentence} Ke5 (38... Rxb7 39. d7 {Passed pawn}) 39. Bc8 Rxd6 (39... Rd8 {
doesn't change the outcome of the game} 40. d7 $18) 40. Rxd6 Kxd6 41. Kf4 h6
42. Bxf5 $1 {final destruction} gxf5 (42... Kd5 $18 {the only chance to get
some counterplay}) 43. Kxf5 Kc5 44. a3 Kd4 45. Kg6 Kc3 46. Kxh6 Kxb3 47. Kg6 a5
48. h4 Kxa3 49. h5 Ka2 50. h6 Kb1 51. h7 a4 52. h8=Q a3 53. Qc3 a2 54. Qb3+ Ka1
(54... Kc1 {doesn't get the cat off the tree} 55. Qxa2 Kd1 56. Qf2 Kc1 57. g4
Kd1 58. g5 Kc1 59. Kf6 Kb1 60. g6 Kc1 61. g7 Kd1 62. g8=Q Kc1 63. Qgg1#) 55.
Qxa2+ $1 {White should return some of the goodies he has collected.} Kxa2 56.
Kf6 Kb3 (56... Kb1 {doesn't change anything anymore} 57. g4 Ka1 58. g5 Ka2 59.
Kf5 Kb2 60. g6 Kb3 61. g7 Kc3 62. g8=Q Kd3 63. Qf7 Kc3 64. Ke5 Kc2 65. Qc4+ Kd1
66. Qa2 Ke1 67. Ke4 Kd1 68. Kd3 Ke1 69. Qe2#) 57. g4 Kc4 (57... Kb2 {is no
salvation} 58. Ke5 Kc3 59. g5 Kb2 60. g6 Ka2 61. g7 Kb3 62. g8=Q+ Kc3 63. Qd8
Kb3 64. Qd5+ Kb2 65. Qd3 Ka2 66. Qb5 Ka3 67. Kd4 Ka2 68. Kc3 Ka3 69. Qb3#) 58.
g5 (58. g5 Kd5 59. g6 Kc5 60. g7 Kc4 61. g8=Q+ Kd4 62. Qa8 Kc4 63. Qf8 Kd3 64.
Ke5 Kc3 65. Qc8+ Kd2 66. Ke4 Ke1 67. Qc2 Kf1 68. Kf3 Ke1 69. Qe2#) 1-0

[Event "Hokkaido Chess Championship 2024"]
[Site "?"]
[Date "2024.03.24"]
[Round "5.1"]
[White "Yamaguchi, Tosei"]
[Black "Hasegawa, Emi"]
[Result "1-0"]
[WhiteElo "1940"]
[BlackElo "1417"]
[Annotator "Fritz 11 SE (30s)"]
[PlyCount "65"]
[EventDate "2024.03.23"]

{D35: Queen's Gambit Declined: Exchange Variation} 1. d4 Nf6 2. c4
e6 3. Nf3 d5 4. cxd5 exd5 5. Nc3 Be7 6. Bf4 c6 7. Qc2 Nbd7 8. h3 O-O 9. e3 Re8
10. Bd3 a6 (10... c5 11. dxc5 Nxc5 12. O-O Nxd3 13. Qxd3 a6 14. Rac1 Be6 15.
Ne2 Qa5 16. Rc7 Qxa2 17. Rxb7 Qc4 18. Rd1 Ne4 19. Rc7 Qxd3 20. Rxd3 Rac8 21.
Nfd4 Rxc7 22. Bxc7 Rc8 23. Be5 Nd6 24. Rb3 Nc4 25. Rb7 {Gagunashvili,M (2596)
-De Ramos,J (2368) Manila 2010 1-0 (69)}) 11. O-O Nf8 12. Rab1 $146 (12. Ne5
Bd6 13. Bh2 Ng6 14. f4 c5 15. Kh1 c4 16. Bf5 b5 17. a3 Qb6 18. Bxc8 Raxc8 19.
Qf5 a5 20. Nxd5 Qd8 21. Nxf6+ Qxf6 22. Qd7 b4 23. axb4 Red8 24. Qb5 Bxb4 25.
Nxc4 Qe6 26. b3 Qe4 {Gvanceladze,A (2183)-Kharmunova,N (2196) Moscow 2013 1-0 
(31)}) 12... Ng6 13. Bh2 Bd7 14. b4 b6 15. Ne5 (15. a4 $142 $16) 15... c5 $2 (
15... Bd6 $142 {would keep Black alive} 16. Nxd7 Bxh2+ 17. Kxh2 Qxd7 $14) 16.
Nxd7 $18 (16. Bxg6 $6 hxg6 17. Nxd7 Qxd7 $16) 16... Qxd7 17. Na4 Qc6 $2 (17...
Bd6 18. Bxd6 Qxd6 19. bxc5 bxc5 $18) 18. bxc5 b5 19. Nb6 Ra7 20. a4 bxa4 21.
Qxa4 Qxa4 22. Nxa4 Ne4 (22... a5 {does not improve anything} 23. Rfc1 $18) 23.
Rb2 (23. Bxe4 {might be the shorter path} dxe4 24. c6 Bd8 $18) 23... Bf6 (23...
a5 {does not solve anything} 24. Nb6 $18) 24. Rfb1 (24. c6 {seems even better}
Ne7 25. c7 Nc8 $18) 24... Raa8 (24... Ne7 $18 {a last effort to resist the
inevitable}) 25. Rc2 (25. Nb6 {seems even better} Nxc5 26. Nxa8 Nxd3 $18) 25...
Bd8 26. c6 Ba5 27. Bxe4 Rxe4 (27... dxe4 {cannot change destiny} 28. c7 $18)
28. Rc5 Bd8 29. c7 Bxc7 30. Rxc7 h5 (30... Re6 {a fruitless try to alter the
course of the game} 31. Rbb7 Rae8 32. Nc3 $18) 31. Rbb7 Rf8 (31... Rae8 {
the last chance for counterplay} 32. Nc3 R4e7 $18) 32. Nc5 Ree8 33. Bd6 1-0

[Event "Hokkaido Chess Championship 2024"]
[Site "?"]
[Date "2024.03.24"]
[Round "5.2"]
[White "Takeuchi, Hiroshi"]
[Black "Shinoda, Taro"]
[Result "0-1"]
[WhiteElo "1388"]
[BlackElo "1911"]
[Annotator "Fritz 11 SE (30s)"]
[PlyCount "68"]
[EventDate "2024.03.23"]

{A47: 1 d4 Nf6 2 Nf3 b6: Torre, London and Colle Systems} 1. d4 Nf6
2. Bf4 e6 3. Nf3 c5 4. c3 b6 5. e3 Bb7 6. Nbd2 d6 (6... cxd4 7. exd4 (7. cxd4
Be7 8. h3 O-O 9. Bd3 d6 10. O-O Nc6 11. Bh2 Rc8 12. a3 Re8 13. Rc1 Bf8 14. e4
e5 15. d5 Nb8 16. Qe2 g6 17. Qe3 Qd7 18. Nb1 Ba6 19. Bxa6 Nxa6 20. b4 Nc7 21.
Nbd2 Qa4 {Ozkan,E (2227)-Kinsiz,O (2166) Konya 2012 0-1 (70)}) 7... d6 8. h3 a6
9. Bd3 Be7 10. O-O O-O 11. Re1 Nbd7 12. a4 Re8 13. Qb3 Qc7 14. Re2 Bf8 15. Rae1
Qc6 16. Ne4 Nxe4 17. Bxe4 Qc7 18. Bxb7 Qxb7 19. c4 Nf6 20. Bg5 Be7 21. Qd3 {
Bagirov,R (2484)-Kovalyov,A (2557) ICC INT 2009 1-0 (81)}) 7. Bd3 cxd4 8. cxd4
Be7 $146 (8... Nbd7 9. Qe2 Nd5 10. Bg5 Be7 11. Bxe7 Qxe7 12. Ba6 Bxa6 13. Qxa6
O-O 14. O-O Rfc8 15. Rfc1 Qd8 16. Ne4 N7f6 17. Rxc8 Qxc8 18. Qxc8+ Rxc8 19.
Nxd6 Rc2 20. Ne5 a6 21. Ndxf7 Kf8 {1/2-1/2 (21) Prie,E (2491)-David,V (2399)
Pornic 2009}) 9. Rc1 Nbd7 (9... Nc6 10. O-O $11) 10. h3 {Covers g4} h6 {
Controls g5} (10... Rc8 11. Rxc8 Qxc8 12. O-O $11) 11. O-O O-O 12. Qb3 (12. Bg3
Rc8 $14) 12... Rc8 (12... e5 13. dxe5 dxe5 14. Nxe5 $11) 13. Bh2 Rxc1 14. Rxc1
Qa8 15. Qb4 Rd8 16. Rc7 $4 {allows the opponent back into the game} (16. Qa3
$142 $14 {was a good chance to save the game}) 16... Nd5 $19 17. Qa3 (17. Qc4
Nxc7 18. Qxc7 $19) 17... Nxc7 18. Bxd6 Bxd6 19. Qxd6 Ne8 20. Qe7 Nef6 21. b3
Re8 22. Qd6 Qb8 23. Qb4 Nd5 24. Qb5 (24. Qa3 {does not save the day} Rc8 $19)
24... N7f6 (24... Rc8 {keeps an even firmer grip} 25. Bf1 Rc1 26. e4 $19) 25.
Ne5 (25. Qa4 {cannot undo what has already been done} a6 $1 $19 {the knockout
punch}) 25... a6 (25... Rc8 {and Black can already relax} 26. Qa4 Rc1+ 27. Nf1
$19) 26. Qa4 b5 27. Qa3 Qc7 28. Ndf3 (28. Ne4 {cannot change what is in store
for White} Nxe4 29. Bxe4 Rc8 $19) 28... Rc8 29. Kh2 Nb6 (29... Nd7 $142 {
keeps an even firmer grip} 30. Kg1 Qc1+ 31. Qxc1 Rxc1+ 32. Kh2 Nxe5 33. Nxe5
$19) 30. Qb4 (30. Bf1 {doesn't do any good} Ne4 31. Kg1 Nd5 $19) 30... Nbd7 (
30... Bxf3 $142 {makes it even easier for Black} 31. gxf3 Nfd5 $19) 31. g3 (31.
Kg1 $19 {no good, but what else?}) 31... Nxe5 32. Nxe5 Qc1 33. g4 Qh1+ 34. Kg3
Qg2+ (34... Qg2+ 35. Kh4 Qxf2#) 0-1

[Event "Hokkaido Chess Championship 2024"]
[Site "?"]
[Date "2024.03.24"]
[Round "5.3"]
[White "Nishimori, Toshiyuki"]
[Black "Sugimoto, Koichi"]
[Result "0-1"]
[WhiteElo "1570"]
[BlackElo "1864"]
[Annotator "Fritz 11 SE (30s)"]
[PlyCount "62"]
[EventDate "2024.03.23"]

{[%mdl 8256] B72: Sicilian Dragon: 6 Be3, lines with h3+Bc4 and sidelines} 1.
e4 c5 2. Nf3 d6 3. d4 cxd4 4. Nxd4 Nf6 5. Nc3 g6 6. h3 Bg7 7. Be3 O-O 8. Qd2
Nc6 (8... a6 9. g4 b5 10. Bg2 Bb7 11. O-O Nbd7 12. e5 dxe5 13. Ne6 fxe6 14.
Bxb7 Rb8 15. Bg2 e4 16. Rad1 Ne5 17. Qxd8 Rbxd8 18. Nxe4 {1/2-1/2 (18) Mokry,K
(2485)-Georgiev,K (2590) Warsaw 1987}) (8... d5 9. e5 Ne4 10. Nxe4 dxe4 11. Bf4
Nc6 12. Nxc6 bxc6 13. Qc3 Be6 14. Be2 Qb6 15. O-O Rad8 16. Rad1 Rd5 17. b3 Rfd8
18. Qa1 Qa5 19. c4 Rxd1 20. Bxd1 h6 21. h4 Bf5 22. Qb2 e3 23. fxe3 {Musaev,R 
(2281)-Emiroglu,C (2356) Olomouc 2014 1/2-1/2 (34)}) 9. Be2 $146 (9. O-O-O Nxd4
(9... d5 10. exd5 Nxd5 11. Nxc6 bxc6 12. Bd4 e5 13. Bc5 Be6 14. Bc4 Nxc3 15.
Qxc3 Qg5+ 16. Be3 Qxg2 17. Bxe6 fxe6 18. Qc4 Kh8 19. h4 Rad8 20. Qxe6 Qe4 21.
Qe7 Rde8 22. Qc5 Rd8 23. Qe7 Rde8 24. Qd6 {Thomas,I (2325)-Palkovi,J (2320)
Oakham 1986 1-0 (46)}) 10. Bxd4 Be6 11. g4 Qa5 12. a3 Rfc8 13. g5 Ne8 14. Bxg7
Nxg7 15. Nd5 Qxd2+ 16. Rxd2 Bxd5 17. exd5 Rc5 18. Be2 Rac8 19. Kb1 b5 20. b4
Rc3 21. Bxb5 Rxa3 22. Rd3 Rxd3 23. Bxd3 Rb8 {Vela,N (2215)-Braga,C (2390)
Mexico City 1977 1-0 (52)}) (9. Nf3 Bd7 10. g4 b5 11. Bxb5 Qb8 12. a4 a6 13.
Bd3 Be6 14. Rb1 Rc8 15. O-O d5 16. Bf4 Qb7 17. e5 Nd7 18. Rfe1 Qb4 19. Bf1 Nc5
20. Bg2 Nxa4 21. Nxa4 Qxa4 22. b3 Qb5 23. c3 a5 {Arakhamia Grant,K (2443)
-Socko,M (2479) Amsterdam 2011 0-1 (50)}) 9... Bd7 10. g4 Rc8 (10... Nxd4 11.
Bxd4 Bc6 12. f3 $11) 11. g5 Nh5 12. Bxh5 gxh5 13. f4 {Black has a cramped
position} Na5 14. b3 {Secures a4+c4} b5 (14... Nc6 15. O-O-O Qa5 16. Kb2 $11)
15. f5 (15. O-O-O Nc6 16. Ncxb5 Nxd4 17. Nxd4 a5 $16) 15... b4 (15... Nb7 $5
$16) 16. Nd5 e6 (16... Nc6 17. O-O-O Bxd4 18. Bxd4 Nxd4 19. Qxd4 $18) 17. Nf6+
$1 $18 {a devastating blow} (17. Nxb4 $6 exf5 18. exf5 Bxd4 19. Bxd4 Re8+ 20.
Kf2 Nc6 21. Nxc6 Bxc6 $16) 17... Bxf6 18. gxf6 Qxf6 19. Bg5 Qe5 20. Rg1 Kh8 (
20... Qxe4+ $4 {Black will choke on that pawn} 21. Kd1 Qh1 22. Rxh1 $18) 21.
Qe3 $4 {gives the opponent counterplay} (21. O-O-O $142 Nc6 22. Bh4 Nxd4 23.
Qxd4 $18) 21... exf5 $15 22. Kd2 $4 (22. O-O-O f6 (22... fxe4 23. Bh4 f6 24.
Qh6 $18) 23. Bf4 Qxe4 $11) 22... f6 $4 {throwing away the advantage} (22...
fxe4 $142 {and Black can already relax} 23. Raf1 f6 $19) 23. Bh6 $17 Rg8 (23...
Rf7 24. exf5 Nc6 25. Qxe5 fxe5 26. Nxc6 Rxc6 27. Rg5 Bxf5 28. Rf1 $17) 24.
Rxg8+ (24. exf5 $5 {must be considered} Nb7 25. Rxg8+ Rxg8 26. Rg1 Qxe3+ 27.
Bxe3 $15) 24... Rxg8 $17 25. Rg1 Qh2+ (25... fxe4 $2 {doesn't work} 26. Rxg8+
Kxg8 27. Qg1+ Bg4 28. hxg4 $18) 26. Ne2 Rxg1 27. exf5 $4 {shortens the misery
for White.} (27. Bf4 $142 Qh1 $1 {Mate threat} 28. Qxg1 Qxg1 29. Nxg1 $17)
27... Bb5 (27... Rg2 $142 {seems even better} 28. Qe7 Rxe2+ 29. Qxe2 Qxe2+ 30.
Kxe2 Bxf5 $19) 28. c4 (28. Qxg1 {is one last hope} Qxe2+ 29. Kc1 Qf1+ 30. Qxf1
Bxf1 31. h4 $19) 28... bxc3+ 29. Kxc3 Bxe2 (29... Rg2 $5 {might be the shorter
path} 30. Qe7 Qe5+ 31. Qxe5 dxe5 32. b4 $19) 30. Qe8+ Rg8 31. Qe6 (31. Bg7+ {
there is nothing else anyway} Kxg7 32. Qe7+ Kh6 33. Qxf6+ Rg6 34. fxg6 Qg3+ 35.
Kd2 Qd3+ 36. Kc1 Qe3+ 37. Kb2 Qe5+ 38. Qxe5 dxe5 39. gxh7 Kxh7 40. h4 $19)
31... Qe5+ (31... Qe5+ 32. Qxe5 dxe5 $19) 0-1

[Event "Hokkaido Chess Championship 2024"]
[Site "?"]
[Date "2024.03.24"]
[Round "5.4"]
[White "Kawamura, Takuto"]
[Black "Aoki, Yasuhiro"]
[Result "1/2-1/2"]
[WhiteElo "1601"]
[BlackElo "1598"]
[Annotator "Fritz 11 SE (30s)"]
[PlyCount "70"]
[EventDate "2024.03.23"]

{E67: King's Indian: Fianchetto: 6...Nbd7} 1. d4 Nf6 2. Nf3 g6 3. g3 Bg7 4. Bg2
O-O 5. O-O d6 6. c4 c6 7. Nc3 Nbd7 8. e4 Qc7 {Black has a cramped position.
Black's piece can't move: c8} (8... Qa5 9. Rb1 Qa6 10. e5 Ne8 11. exd6 exd6 12.
b3 Ndf6 13. Re1 Qa5 14. b4 Qh5 15. Ne2 Bg4 16. Rb3 Qf5 17. Nf4 g5 18. Ne2 h6
19. Nd2 Qd7 20. Nf1 d5 21. c5 a5 22. bxa5 Rxa5 23. a3 {Greenfeld,A (2570)
-Godes,D (2312) Tel Aviv 2001 1-0 (45)}) 9. Qe2 $146 (9. Be3 a6 10. a4 c5 11.
Rc1 Rb8 12. h3 cxd4 13. Nxd4 Nc5 14. b4 Ne6 15. Nd5 Qd8 16. Re1 Nxd5 17. exd5
Nxd4 18. Bxd4 Bxd4 19. Qxd4 b6 20. c5 bxc5 21. bxc5 Qa5 22. Rxe7 Rb4 23. Qe3
dxc5 {Jankovec,I (2320)-Radojevic,Z (2205) Decin 1973 1-0 (37)}) (9. b3 e5 10.
Bb2 Re8 11. Re1 (11. d5 a6 12. Rc1 Nc5 13. Qc2 a5 14. Ne1 Bh6 15. Rd1 Bd7 16.
Nd3 cxd5 17. Nxc5 dxc5 18. cxd5 b5 19. a4 b4 20. Nb1 Rac8 21. Nd2 Bxd2 22. Qxd2
c4 23. bxc4 Qxc4 24. f4 Nxe4 25. Qe3 Nc3 {Kaspret,G (2315)-Weiss,L (2190)
Austria 1994 0-1 (38)}) 11... Nf8 12. h3 a5 13. Qd2 Ne6 14. Rad1 Nd7 15. d5 Nd4
16. dxc6 bxc6 17. Nxd4 exd4 18. Na4 c5 19. e5 Ra6 20. exd6 Rxe1+ 21. Rxe1 Rxd6
22. Qg5 d3 23. Re8+ Bf8 {Korpa,B (2417)-Kanyadi,Z (2158) Hungary 2015 1-0}) (9.
d5 Nb6 10. c5 dxc5 11. Bf4 Qd8 12. dxc6 bxc6 13. Qc2 Be6 14. Rfd1 Qc8 15. a4 h6
16. a5 Nbd7 17. Na4 Qb7 18. Ra3 Qb4 19. Nc3 g5 20. Bd2 Qb7 21. a6 Qc8 22. e5
Nh7 23. Re1 g4 {Vombek,D (2270)-Stucl,B (2285) Austria 1994 1-0 (44)}) 9... e5
10. d5 cxd5 11. cxd5 a6 {Consolidates b5} (11... b6 12. Bg5 $11) 12. Bd2 b5 13.
b4 (13. b3 $5 $14 {deserves consideration}) 13... Nb6 $11 14. Rac1 Qb7 15. h3 {
White has an active position} (15. Nb1 Bg4 $11) 15... Nc4 $15 {Praise the
knight!} 16. Bg5 h6 17. Bxf6 Bxf6 {Black has the pair of bishops} 18. Rc2 Bd7
19. Rfc1 Rac8 (19... a5 20. bxa5 Na3 21. Rb2 $17) 20. Nd1 $15 Kh7 21. Ne3 Nxe3
22. Qxe3 Rxc2 23. Rxc2 Rc8 {Black threatens to win material: Rc8xc2} 24. Qd3
Rxc2 25. Qxc2 Qc8 26. Qxc8 {White forks: a6+d7} Bxc8 {A minor pieces endgame
occured} 27. Nd2 Bg5 {Black threatens to win material: Bg5xd2} 28. Nb3 Bd8 29.
Kf1 f5 {Playing against the pawn chain} 30. f3 Kg7 31. Ke2 Kf6 32. Ke3 Bb6+ 33.
Ke2 f4 {This push gains space} 34. g4 Kg5 35. Na1 (35. Na5 Bd7 $15) 35... Bd7
1/2-1/2